| 000 | 01036 a2200277 4500 | ||
|---|---|---|---|
| 003 | NUST | ||
| 005 | 20231003154833.0 | ||
| 008 | 231003b ||||| |||| 00| 0 eng d | ||
| 020 | _a8122902553 | ||
| 040 |
_aDLC _bDLC |
||
| 082 | 0 | 0 |
_a823.914 _bACH |
| 100 | 1 |
_aAchebe, Chinua. _972287 |
|
| 245 | 0 | 0 |
_aThings fall apart/ _cChinua Achebe ; with an introduction by Kwame Anthony Appiah. |
| 260 |
_aNew Delhi : _bSurjeet Publications; _c2007. |
||
| 300 |
_a215 p. ; _c22 cm. |
||
| 650 | 0 |
_aIgbo (African people) _9107969 |
|
| 650 | 0 |
_aBritish _zNigeria _9118315 |
|
| 650 | 0 |
_aMen _zNigeria _9107970 |
|
| 650 | 0 |
_aRace relations _949696 |
|
| 651 | 0 |
_aNigeria _9118316 |
|
| 655 | 7 | _aHistorical fiction. | |
| 856 | 4 | 2 |
_3Publisher description _uhttp://www.loc.gov/catdir/description/random041/97103913.html |
| 856 | 4 | 2 |
_3Contributor biographical information _uhttp://www.loc.gov/catdir/enhancements/fy0744/97103913-b.html |
| 856 | 4 | 2 |
_3Sample text _uhttp://www.loc.gov/catdir/enhancements/fy0826/97103913-s.html |
| 942 |
_cBK _k823.914 ACH _2ddc |
||
| 999 |
_c4851 _d4851 |
||